Statistics for Enemies of South African Countries

Click here to take the quiz!

General Stats

  • This quiz has been taken 49 times
  • The average score is 13 of 18

Answer Stats

CountryEnemy% Correct
BurundiD.R. Congo
87%
RwandaD.R. Congo
87%
ZambiaD.R. Congo
84%
MalawiMozambique
84%
MozambiqueUnited States
82%
TanzaniaUnited States
82%
AngolaUnited States
82%
BotswanaChina
71%
NamibiaChina
71%
UgandaChina
71%
ZimbabweChina
71%
KenyaSomalia
71%
GabonFrance
66%
Congo RepublicFrance
66%
ComorosFrance
66%
D.R. CongoRwanda
66%
South AfricaAngola
61%
Equatorial GuineaSpain
39%

Score Distribution

Percentile by Number Answered

Percent of People with Each Score

Your Score History

You have not taken this quiz